000 00696nam a2200229Ia 4500
001 15756
003 GE_BSU
008 181216s||||||||xx |||||||||||||| ||und||
040 _cGE_BSU
080 _a821.353.1-1
100 _aხაბაზი, ამირან
245 _aლექსის ფარდაგი
245 _bლექსები
245 _cრედ.ლ.ბეჟანიძე.მხატვ.რ.ლომაძე
260 _aბათუმი
260 _bსაბჭ. აჭარა
260 _c1990
300 _a111 გვ. ; 16 სმ
653 _aლექსები
653 _aლექსის ფარდაგი
942 _cBK
999 _c48854
_d48854